[Event "AUTO-BEG-564"]
[Site "http://www.queenalice.com/game.php?id=1148418"]
[Date "2013.2.3"]
[Round "2"]
[White "BigOli1724"]
[Black "ManofBlack"]
[Result "0-1"]
[WhiteElo "1456"]
[BlackElo "1403"]

1. e4 d5 2. exd5 Nf6 3. Nc3 Ng4 4. Qe2 Qd6 5. d3 h6 6. Nf3 e5 7. h3 Nf6 8. Bd2
Na6 9. Qe3 Nb4 10. Nb5 Qd7 11. Qxe5+ Be7 12. Nxc7+ Kf8 13. Nxa8 Nxc2+ 14. Kd1
Nxa1 15. Nd4 Nxd5 0-1

[Event "1 Desafio "O RETORNO""]
[Site "http://www.queenalice.com/game.php?id=1166360"]
[Date "2013.3.30"]
[Round "-"]
[White "ManofBlack"]
[Black "SGrillo"]
[Result "1-0"]
[WhiteElo "1410"]
[BlackElo "1621"]

1. d4 d5 2. Nc3 e6 3. Nf3 Bb4 4. a3 Bxc3+ 5. bxc3 h6 6. Bf4 Nc6 7. e3 a6 8. c4
dxc4 9. c3 Nf6 10. Bxc4 O-O 11. O-O Ne7 12. Bg3 b5 13. Bd3 Bb7 14. Qb3 Bxf3 15.
Qb4 Bd5 16. e4 Nc6 17. Qc5 Nxe4 18. Bxe4 Bxe4 19. d5 Qxd5 20. Qe3 Bf5 21. Bxc7
Qd7 22. Qb6 Be4 23. Rad1 Bd5 24. a4 Rfc8 25. Bf4 Ne7 26. Rd2 Rxc3 27. Rfd1 Rc6
28. Qa5 bxa4 29. Qxa4 Rac8 30. h3 g5 31. Be5 Qb7 32. Rb2 Rb6 33. Rc2 Rxc2 34.
Qxc2 Bxg2 35. Rd8# 1-0

[Event "2 Desafio "O RETORNO""]
[Site "http://www.queenalice.com/game.php?id=1166361"]
[Date "2013.3.30"]
[Round "-"]
[White "SGrillo"]
[Black "ManofBlack"]
[Result "1-0"]
[WhiteElo "1575"]
[BlackElo "1431"]

1. e4 Nc6 2. Bb5 Nd4 3. Bc4 Nf6 4. d3 h6 5. Be3 Nc6 6. Nc3 e6 7. Nf3 d5 8. exd5
exd5 9. Bb5 Bd7 10. h3 a6 11. Bxc6 Bxc6 12. O-O Be7 13. Re1 Qd6 14. Bd4 Nh5 15.
Nh2 Nf4 16. Be5 Qb4 17. Bxf4 Qxf4 18. Qf3 Qd2 19. Re2 d4 20. Qxc6+ bxc6 21. Rxd2
dxc3 22. bxc3 O-O 23. Re2 Ba3 24. c4 Bb2 25. Rb1 Bc3 26. Nf3 Rab8 27. Rxb8 Rxb8
28. Re7 Rb1+ 29. Kh2 Rc1 30. Rxc7 Rxc2 31. Rxc6 a5 32. c5 Rxf2 33. Rc8+ Kh7 34.
c6 Rxa2 35. c7 Rc2 36. Rh8+ Kxh8 37. c8=Q+ Kh7 38. Nd4 Bxd4 39. Qxc2 Be5+ 40.
Kh1 a4 41. Qxa4 h5 42. Qe4+ g6 43. Qxe5 Kh6 44. h4 1-0

[Event "AUTO-OPEN-3006"]
[Site "http://www.queenalice.com/game.php?id=1186847"]
[Date "2013.6.1"]
[Round "1"]
[White "worldwide"]
[Black "ManofBlack"]
[Result "1-0"]
[WhiteElo "1766"]
[BlackElo "1434"]

1. e4 d5 2. e5 d4 3. d3 Bf5 4. Nf3 Nc6 5. Nh4 Be6 6. c3 dxc3 7. Nxc3 g6 8. Qa4
Bg4 9. Qxg4 Nxe5 10. Qa4+ c6 11. d4 Ng4 12. Be2 N4f6 13. d5 e6 14. dxc6 bxc6 15.
Bf3 Ne7 16. Bg5 Bg7 17. Ne4 Nfd5 18. Rd1 Qb6 19. Nd6+ Kd7 20. Nxf7 Rhf8 21. Bxd5
Qxb2 22. Bxc6+ Kc7 23. Rd7+ Kb6 24. Be3+ Qd4 25. Qb5# 1-0

[Event "AUTO-OPEN-3006"]
[Site "http://www.queenalice.com/game.php?id=1186848"]
[Date "2013.6.1"]
[Round "1"]
[White "ManofBlack"]
[Black "worldwide"]
[Result "1-0"]
[WhiteElo "1419"]
[BlackElo "1827"]

1. d4 d5 2. Nf3 h6 3. Bf4 e6 4. e3 Nc6 5. Bb5 Bd7 6. Nc3 Nf6 7. Bg3 g5 8. Be5
Nxe5 9. dxe5 Bxb5 10. Nxb5 c6 11. Qd3 Qa5+ 12. Nc3 Nd7 13. h4 Nc5 14. Qd4 Qc7
15. hxg5 Bg7 16. Qxc5 O-O-O 17. Qxa7 hxg5 18. O-O-O Bxe5 19. Nxe5 Qxe5 20. a3
Rhe8 21. Na4 Qf6 22. Nc5 Re7 23. Qa8+ Kc7 24. Qa5+ Kc8 25. Qa8+ Kc7 26. Qxb7+
Kd6 27. Qb6 Ra8 28. Nb7+ Ke5 29. Qd4+ Kf5 30. g4+ Kg6 31. Rh6+ 1-0

[Event "AUTO-OPEN-3006"]
[Site "http://www.queenalice.com/game.php?id=1186896"]
[Date "2013.6.1"]
[Round "1"]
[White "ManofBlack"]
[Black "jartuga99"]
[Result "0-1"]
[WhiteElo "1421"]
[BlackElo "2000"]

1. d4 d5 2. Nf3 Bf5 3. Nc3 Nf6 4. Bg5 Nbd7 5. e3 h6 6. Bf4 g5 7. Bg3 Bg7 8. Nb5
O-O 9. Be2 c6 10. Nc3 Nh5 11. Be5 f6 12. Bg3 Nxg3 13. hxg3 e5 14. dxe5 fxe5 15.
Qd2 Qb6 16. b3 Rae8 17. Na4 Qc7 18. Qb4 a5 19. Qa3 b5 20. Nc5 b4 21. Na6 Qb7 22.
Qxa5 d4 23. Rd1 Bxc2 24. Rc1 d3 25. Bd1 e4 26. Nd2 Bxd1 27. Kxd1 Bc3 28. Nc4 Ra8
29. Qc7 Qxc7 30. Nxc7 Rxa2 31. Rxh6 Rfxf2 32. Rg6+ Kh7 33. Rxg5 Rf1# 0-1

[Event "AUTO-OPEN-3006"]
[Site "http://www.queenalice.com/game.php?id=1186897"]
[Date "2013.6.1"]
[Round "1"]
[White "jartuga99"]
[Black "ManofBlack"]
[Result "1-0"]
[WhiteElo "2002"]
[BlackElo "1451"]

1. e4 d5 2. exd5 Qxd5 3. Nc3 Qd8 4. b3 Nf6 5. h3 Bf5 6. Bb2 Nc6 7. d3 e6 8. g4
Bg6 9. f4 Qd4 10. Qf3 Nb4 11. O-O-O c6 12. Nge2 Qc5 13. a3 Nfd5 14. axb4 Nxb4
15. f5 exf5 16. d4 Qa5 17. Nf4 Be7 18. Nxg6 hxg6 19. Bc4 Bg5+ 20. Kb1 O-O 21. h4
Bh6 22. g5 Bxg5 23. hxg5 Rfe8 24. Qh3 Kf8 25. Qh8+ Ke7 26. Qxg7 Kd7 27. d5 Kc7
28. dxc6 bxc6 29. Qxf7+ Kb6 30. Na4+ Qxa4 31. bxa4 a5 32. Rd7 Reb8 33. Bd4+ c5
34. Bb5 cxd4 35. Qe6+ Kc5 36. Qd6# 1-0

[Event "O RETORNO 3"]
[Site "http://www.queenalice.com/game.php?id=1198353"]
[Date "2013.7.9"]
[Round "-"]
[White "ManofBlack"]
[Black "SGrillo"]
[Result "1-0"]
[WhiteElo "1442"]
[BlackElo "1610"]

1. d4 d5 2. Nc3 e6 3. Nf3 Bb4 4. a3 Bxc3+ 5. bxc3 h6 6. Ne5 Bd7 7. Nxf7 Kxf7 8.
Qd3 Qf6 9. g3 Ne7 10. Bg2 Rf8 11. Bf4 c6 12. Rb1 Bc8 13. c4 Nd7 14. cxd5 exd5
15. c4 dxc4 16. Qxc4+ Ke8 17. O-O Ng6 18. e3 Nb6 19. Qc5 Nxf4 20. exf4 Kd8 21.
a4 Nd7 22. Qc4 Kc7 23. d5 Qf7 24. Rfd1 Nb6 25. Qe4 cxd5 26. Rbc1+ Kb8 27. Qe5+
1-0

[Event "saint monica"]
[Site "http://www.queenalice.com/game.php?id=1204422"]
[Date "2013.8.1"]
[Round "-"]
[White "ManofBlack"]
[Black "Taurus"]
[Result "0-1"]
[WhiteElo "1486"]
[BlackElo "2100"]

1. d4 d5 2. Nc3 Nf6 3. Bg5 h6 4. Bf4 Nc6 5. Nb5 e5 6. dxe5 Nh5 7. Be3 a6 8. Nc3
d4 9. Bxd4 Qxd4 10. Qxd4 Nxd4 11. O-O-O Nc6 12. Nf3 Be6 13. h3 Nf4 14. e3 Ng6
15. Be2 Ngxe5 16. Nd4 Nxd4 17. Rxd4 Nc6 18. Rd3 Bc4 19. Rd2 Bxe2 20. Nxe2 Bb4
21. c3 Bd6 22. Rhd1 Ke7 23. e4 Rad8 24. f4 Bc5 25. Rd3 Rxd3 26. Rxd3 Rd8 27. Rd1
Rxd1+ 28. Kxd1 b5 29. g4 Ke6 30. Ng3 g6 31. f5+ Ke5 32. h4 Bf2 33. Ne2 Kxe4 34.
fxg6 fxg6 35. b4 Bxh4 36. Kc2 Kf3 37. Nc1 Kxg4 38. Nd3 Be7 39. a3 h5 40. Kd2 Kg3
41. Ke2 g5 42. Nf2 Bf6 0-1

[Event "Outra."]
[Site "http://www.queenalice.com/game.php?id=1204827"]
[Date "2013.8.3"]
[Round "-"]
[White "SGrillo"]
[Black "ManofBlack"]
[Result "0-1"]
[WhiteElo "1587"]
[BlackElo "1465"]

1. e4 d5 2. exd5 Qxd5 3. Qf3 Qc5 4. c3 Nf6 5. d4 Qb6 6. Bg5 Qxb2 7. Nd2 Qxa1+ 8.
Qd1 Qxc3 9. Be3 e5 10. dxe5 Qxe5 11. Ngf3 Qa5 12. Be2 Be6 13. O-O Qh5 14. Nd4
Bg4 15. Bxg4 Nxg4 16. h3 Bd6 17. Re1 O-O 18. N2f3 Nd7 19. Qd2 Rae8 20. Nh2 Bxh2+
21. Kh1 Nde5 22. hxg4 Nxg4 23. Nf3 Bg3+ 24. Kg1 Rd8 25. Qe2 Bh2+ 26. Nxh2 Qxh2+
27. Kf1 Qh1# 0-1

[Event "mesa 5"]
[Site "http://www.queenalice.com/game.php?id=1207009"]
[Date "2013.8.10"]
[Round "-"]
[White "Herbert_Paulo"]
[Black "ManofBlack"]
[Result "1-0"]
[WhiteElo "1678"]
[BlackElo "1449"]

1. e4 d5 2. exd5 Qxd5 3. Nc3 Qd6 4. d4 Nf6 5. Nf3 Bg4 6. Be2 Bxf3 7. O-O Ng4 8.
g3 Qc6 9. Qd2 e5 10. Bb5 Qxb5 11. Nxb5 1-0

[Event "mesa 7"]
[Site "http://www.queenalice.com/game.php?id=1207011"]
[Date "2013.8.10"]
[Round "-"]
[White "Herbert_Paulo"]
[Black "ManofBlack"]
[Result "1-0"]
[WhiteElo "1813"]
[BlackElo "1465"]

1. e4 d5 2. exd5 Nf6 3. c4 Ng4 4. Be2 Nxf2 5. Kxf2 Qd6 6. Nf3 Qc5+ 7. d4 Qd6 8.
Nc3 Qg6 9. Bd3 Qd6 10. c5 Qd8 11. Bc2 g6 12. Be3 Bg7 13. Qd2 Nd7 14. Bh6 Bf6 15.
Rhf1 Nb8 16. Kg1 Bg4 17. h3 Bf5 18. Bxf5 gxf5 19. Bg5 Bxg5 20. Qxg5 Nd7 21. Qxf5
Nf6 22. Rae1 e6 23. dxe6 c6 24. exf7+ Kxf7 25. Ne5+ Kg7 26. Qg5+ Kf8 27. Rxf6+
1-0

[Event "mesa 5"]
[Site "http://www.queenalice.com/game.php?id=1208425"]
[Date "2013.8.15"]
[Round "-"]
[White "ManofBlack"]
[Black "Herbert_Paulo"]
[Result "0-1"]
[WhiteElo "1486"]
[BlackElo "1865"]

1. d4 d5 2. e4 dxe4 3. d5 Nf6 4. Nc3 e6 5. Bb5+ Bd7 6. Bg5 Be7 7. Bf4 O-O 8. Nh3
Nxd5 9. Nxd5 exd5 10. Qxd5 c6 11. Bxc6 bxc6 12. Qxe4 Bf6 13. c3 Re8 14. Qe3
Rxe3+ 15. Bxe3 Na6 16. O-O Bxh3 17. gxh3 Qd7 18. Rad1 Qxh3 19. Bf4 Nc5 20. Rd6
Nd3 21. Bg3 Re8 22. Rxd3 Re2 23. Rd6 Rxb2 24. a4 h5 25. Rxc6 Qg4 26. Kh1 Qe4+
27. Kg1 Qxc6 0-1

[Event "Challenge"]
[Site "http://www.queenalice.com/game.php?id=1216065"]
[Date "2013.9.10"]
[Round "-"]
[White "Leide_Cezar"]
[Black "ManofBlack"]
[Result "1-0"]
[WhiteElo "1414"]
[BlackElo "1484"]

1. d4 d5 2. h4 Nf6 3. Bg5 h6 4. Bxf6 gxf6 5. g3 Bg7 6. e3 h5 7. Bb5+ c6 8. Ba4
Na6 9. c3 Bg4 10. Qc2 Qd7 11. f4 Bf5 12. Qc1 Be4 13. Nd2 Bxh1 14. b4 Qe6 15. Nb3
Qe4 16. Qd2 b5 17. Nc5 Nxc5 18. Bc2 Qe6 19. O-O-O Nb7 20. Qf2 Nd6 21. Kb2 Nc4+
22. Ka1 Nxe3 23. Re1 Nxc2+ 24. Qxc2 Qxe1+ 25. Kb2 Qxg1 26. Qc1 1-0